| 000 | 00811cam a22002654a 4500 | ||
|---|---|---|---|
| 008 | |||
| 020 | _a9781856497947 (pbk.) | ||
| 049 | _aMAIN | ||
| 090 |
_aHN49.C9 _bPAR |
||
| 245 | 0 | 0 |
_aParticipation : _bthe new tyranny? / _cedited by Bill Cooke and Uma Kothari. |
| 260 |
_aLondon : _bZed Books, _c2001. |
||
| 300 |
_axii, 207 p. ; _c23 cm. |
||
| 504 | _aIncludes bibliographical references. | ||
| 500 | _aIncludes index. | ||
| 650 | 0 | _aParticipatory rural appraisal. | |
| 650 | 0 |
_aCommunity development _xManagement. |
|
| 650 | 0 |
_aEconomic development _xManagement. |
|
| 700 | 1 | _aCooke, Bill. | |
| 700 | 1 | _aKothari, Uma. | |
| 907 |
_a.b10311567 _b18-02-13 _c02-04-12 |
||
| 003 | |||
| 005 | 20230123125421.0 | ||
| 040 | _cNUST | ||
| 942 |
_cBOOKS _kHN49.C9 _mPAR |
||
| 999 |
_c141161 _d141161 |
||